The bold and the beautiful (Record no. 65707)
[ view plain ]
| 000 -LEADER | |
|---|---|
| fixed length control field | 01201cam a2200241 4500 |
| 001 - CONTROL NUMBER | |
| control field | ABS63322 |
| 008 - FIXED-LENGTH DATA ELEMENTS--GENERAL INFORMATION | |
| fixed length control field | 000000n2000 000 0 eng u |
| 035 ## - SYSTEM CONTROL NUMBER | |
| System control number | (Sirsi) u110181 |
| 100 ## - MAIN ENTRY--PERSONAL NAME | |
| Personal name | Morrison, A |
| 245 #4 - TITLE STATEMENT | |
| Title | The bold and the beautiful |
| 260 ## - PUBLICATION, DISTRIBUTION, ETC. | |
| Date of publication, distribution, etc. | 2000 |
| 490 ## - SERIES STATEMENT | |
| Series statement | Estates Gazette |
| Volume/sequential designation | (0050) 16 December 2000, 68-69(2) |
| 520 ## - SUMMARY, ETC. | |
| Summary, etc. | A brief examination of the situation in the Balkans where tourism is leading the way to economic and political stability in the region. Property investors may find many opportunities to invest in leisure developments as the tourist trade that existed before the Bosnian and Kosovan conflicts slowly re-emerges and the amount of risk is reduced by organisations such as RICS, involved in developing the professional, academic and legal infrastructure required to encourage investment. Further opportunities, this time in property outsourcing, may become available in the future. |
| 590 ## - LOCAL NOTE (RLIN) | |
| Local note | ABS |
| 650 ## - SUBJECT ADDED ENTRY--TOPICAL TERM | |
| Topical term or geographic name entry element | BALKANS |
| 650 ## - SUBJECT ADDED ENTRY--TOPICAL TERM | |
| Topical term or geographic name entry element | LEISURE INVESTMENT |
| 650 ## - SUBJECT ADDED ENTRY--TOPICAL TERM | |
| Topical term or geographic name entry element | INVESTMENT MARKET |
| 650 ## - SUBJECT ADDED ENTRY--TOPICAL TERM | |
| Topical term or geographic name entry element | TOURISM |
| 650 ## - SUBJECT ADDED ENTRY--TOPICAL TERM | |
| Topical term or geographic name entry element | ABOUT RICS-RELATED ORGANISATIONS-RICS RESEARCH FOUNDATION |
| 650 ## - SUBJECT ADDED ENTRY--TOPICAL TERM | |
| Topical term or geographic name entry element | RICS |
| 690 ## - LOCAL SUBJECT ADDED ENTRY--TOPICAL TERM (OCLC, RLIN) | |
| Topical term or geographic name as entry element | INTERNATIONAL-EUROPE |
| 942 ## - ADDED ENTRY ELEMENTS (KOHA) | |
| Suppress in OPAC | 0 |
| Withdrawn status | Lost status | Source of classification or shelving scheme | Damaged status | Not for loan | Home library | Current library | Shelving location | Date acquired | Total Checkouts | Full call number | Barcode | Date last seen | Copy number | Price effective from | Koha item type |
|---|---|---|---|---|---|---|---|---|---|---|---|---|---|---|---|
| Dewey Decimal Classification | London | London | Journal article | 05/01/2001 | ABS63322 | 110181-1001 | 06/08/2019 | 1 | 06/08/2019 | Journal article |